| 000 | 00408nam a2200145Ia 4500 | ||
|---|---|---|---|
| 008 | 230917s9999||||xx |||||||||||||| ||und|| | ||
| 040 |
_e46727 _aMAIN |
||
| 041 | _aEnglish | ||
| 082 | _a822.33 S15P:D | ||
| 100 | _aPorter, Joseph A | ||
| 245 | 4 | _aThe drama of speech acts: Shakespeare's lancastrain tetralogy | |
| 260 |
_aBerkeley _bUniversity of California Press _c1979 |
||
| 300 | _a208 p. | ||
| 942 | _cBK | ||
| 999 |
_c212237 _d212237 |
||